=LDR 00000nam 2200000 4500 =001 000839 =005 20250712124342 =035 ##$$a 0010-0725000713 =007 ta =008 250712################a##########0#ind## =020 ##$$a 978-602-244-278-3 =082 ##$$a 398.209 598 =084 ##$$a 398.209 598 LIL j =100 #$$a lilis suryani =245 1#$$a julia dan bola pinang /$c lilis suryani =250 ##$$a pertama =260 ##$$a jakarta :$b pusat perbukuan,$c 2019 =300 ##$$a 32hlm. : $b ilus. ; $c 17,5x25cm =990 ##$$a TBM202400813